<?xml version="1.0" encoding="UTF-8"?>
<record
    xmlns:xsi="http://www.w3.org/2001/XMLSchema-instance"
    xsi:schemaLocation="http://www.loc.gov/MARC21/slim http://www.loc.gov/standards/marcxml/schema/MARC21slim.xsd"
    xmlns="http://www.loc.gov/MARC21/slim">

  <leader>01079nam a2200241 a 4500</leader>
  <controlfield tag="001">44468</controlfield>
  <controlfield tag="003">BD-RjUL</controlfield>
  <controlfield tag="005">20211209053849.0</controlfield>
  <controlfield tag="008">160717s1972    ii ||||| |||| 00| 0 ben d</controlfield>
  <datafield tag="035" ind1=" " ind2=" ">
    <subfield code="a">(BD-RjUL)44586</subfield>
  </datafield>
  <datafield tag="040" ind1=" " ind2=" ">
    <subfield code="a">BD-RjUL</subfield>
    <subfield code="b">ben</subfield>
    <subfield code="c">BD-RjUL</subfield>
  </datafield>
  <datafield tag="041" ind1=" " ind2=" ">
    <subfield code="a">ben</subfield>
  </datafield>
  <datafield tag="082" ind1=" " ind2=" ">
    <subfield code="2">23</subfield>
    <subfield code="a">891.44109</subfield>
    <subfield code="b">MUM 1972 </subfield>
  </datafield>
  <datafield tag="100" ind1=" " ind2=" ">
    <subfield code="a">&#x9AE;&#x9C1;&#x996;&#x9CB;&#x9AA;&#x9BE;&#x9A7;&#x9CD;&#x9AF;&#x9BE;&#x9AF;&#x9BC;, &#x9A6;&#x9C1;&#x9B0;&#x9CD;&#x997;&#x9BE;&#x9B6;&#x999;&#x9CD;&#x995;&#x9B0; </subfield>
    <subfield code="9">118070</subfield>
  </datafield>
  <datafield tag="245" ind1="1" ind2="0">
    <subfield code="a">&#x9AE;&#x9CB;&#x9B9;&#x9BF;&#x9A4;&#x9B2;&#x9BE;&#x9B2;&#x9C7;&#x9B0; &#x995;&#x9BE;&#x9AC;&#x9CD;&#x9AF; &#x993; &#x995;&#x9AC;&#x9BF;&#x9AE;&#x9BE;&#x9A8;&#x9B8; /</subfield>
    <subfield code="c">&#x9A6;&#x9C1;&#x9B0;&#x9CD;&#x997;&#x9BE;&#x9B6;&#x999;&#x9CD;&#x995;&#x9B0; &#x9AE;&#x9C1;&#x996;&#x9CB;&#x9AA;&#x9BE;&#x9A7;&#x9CD;&#x9AF;&#x9BE;&#x9AF;&#x9BC;</subfield>
  </datafield>
  <datafield tag="250" ind1=" " ind2=" ">
    <subfield code="a">&#x9E7;&#x9AE; &#x9B8;&#x982;. </subfield>
  </datafield>
  <datafield tag="260" ind1=" " ind2=" ">
    <subfield code="a">&#x995;&#x9B2;&#x995;&#x9BE;&#x9A4;&#x9BE; :</subfield>
    <subfield code="b">&#x995;&#x9B0;&#x9C1;&#x9A8;&#x9BE; &#x9AA;&#x9CD;&#x9B0;&#x995;&#x9BE;&#x9B6;&#x9A8;&#x9C0;,</subfield>
    <subfield code="c">&#x9E7;&#x9EF;&#x9ED;&#x9E8; [&#x9E7;&#x9E9;&#x9ED;&#x9EF;] </subfield>
  </datafield>
  <datafield tag="300" ind1=" " ind2=" ">
    <subfield code="a">xxxi, &#x9E9;&#x9EF;&#x9E8; &#x9AA;&#x9C3;.;</subfield>
    <subfield code="c">&#x9E8;&#x9E7; &#x9B8;&#x9C7;&#x9AE;&#x9BF;.</subfield>
  </datafield>
  <datafield tag="504" ind1=" " ind2=" ">
    <subfield code="a">Includes bibliographies</subfield>
  </datafield>
  <datafield tag="600" ind1=" " ind2=" ">
    <subfield code="a">Majumdar, Mohitlal,  </subfield>
    <subfield code="x">Criticism and interpretation</subfield>
    <subfield code="d">1888-1952</subfield>
    <subfield code="9">136465</subfield>
  </datafield>
  <datafield tag="600" ind1=" " ind2=" ">
    <subfield code="a">&#x9AE;&#x99C;&#x9C1;&#x9AE;&#x9A6;&#x9BE;&#x9B0;, &#x9AE;&#x9B9;&#x9BF;&#x9A4;&#x9B2;&#x9BE;&#x9B2;, </subfield>
    <subfield code="x">&#x9B8;&#x9AE;&#x9BE;&#x9B2;&#x9CB;&#x99A;&#x9A8;&#x9BE; &#x993; &#x9AC;&#x9CD;&#x9AF;&#x9BE;&#x996;&#x9CD;&#x9AF;&#x9BE; </subfield>
    <subfield code="d">&#x9E7;&#x9EE;&#x9EE;&#x9EE;-&#x9E7;&#x9EF;&#x9EB;&#x9E8; </subfield>
    <subfield code="9">136466</subfield>
  </datafield>
  <datafield tag="942" ind1=" " ind2=" ">
    <subfield code="2">ddc</subfield>
    <subfield code="c">BK</subfield>
    <subfield code="0">2</subfield>
  </datafield>
  <datafield tag="999" ind1=" " ind2=" ">
    <subfield code="c">44468</subfield>
    <subfield code="d">44468</subfield>
  </datafield>
  <datafield tag="952" ind1=" " ind2=" ">
    <subfield code="0">0</subfield>
    <subfield code="1">0</subfield>
    <subfield code="2">ddc</subfield>
    <subfield code="4">0</subfield>
    <subfield code="7">0</subfield>
    <subfield code="8">NFIC</subfield>
    <subfield code="a">RUCL</subfield>
    <subfield code="b">RUCL</subfield>
    <subfield code="c">Stack</subfield>
    <subfield code="d">1981-09-22</subfield>
    <subfield code="e">calcutta: Indian International</subfield>
    <subfield code="g">20.00</subfield>
    <subfield code="l">3</subfield>
    <subfield code="o">B 891.44109 MUM 1972</subfield>
    <subfield code="r">2017-09-13 00:00:00</subfield>
    <subfield code="s">2017-08-21</subfield>
    <subfield code="t">C-2</subfield>
    <subfield code="w">2016-07-18</subfield>
    <subfield code="y">BK</subfield>
  </datafield>
</record>
